Statystyki dla Puzzle z państwami

Kliknij tutaj aby rozwiązać quiz!

Ogólne statystyki

  • Ten quiz został rozwiązany 2 994 razy
  • Średni wynik to 7 z 17

Statystyki odpowiedzi

WskazówkaOdpowiedź% Poprawnych
Państwo, które graniczy wyłącznie z NiemcamiDania
77%
Największa pustynia w AfryceSahara
75%
Największe państwo wyspiarskie położone całkowicie na Morzu ŚródziemnymCypr
73%
UKRYTE PAŃSTWOWłochy
69%
Stolica SerbiiBelgrad
61%
Kraj Wschodzącego SłońcaJaponia
61%
Miasto BeatlesówLiverpool
47%
Państwo odwrócone "do góry nogami"Australia
34%
Dawna stolica RFNBonn
34%
Stolica ToskaniiFlorencja
28%
Dawna nazwa TokioEdo
24%
Morze, z którym graniczy wyłącznie TurcjaMorze Marmara
20%
Przylądek w południowej części AmerykiPrzylądek Horn
18%
Pierwsza osoba, która odwiedziła biegun północnyRoald Amundsen
18%
Góra, na której wylądowała Arka NoegoArarat
17%
Miejsce w Indiach, gdzie można znaleźć Taj MahalAgra
14%
Największy półwysep zachodniego MeksykuKalifornia Dolna
8%

Rozkład punktacji

Percentyl według liczby udzielonych odpowiedzi

Procent ludzi z każdym wynikiem

Twoja historia wyników

Nie rozwiązałeś tego quizu